[Event "Campeonato Panamericano U20 Femenino El Salvador 2015"]
[Site "Palacio de los Deportes, Federacion Salvadoreña de Ajedrez"]
[Date "2015.07.19"]
[Round "6"]
[Board "2"]
[White "Parkhurst Casas, Miriam"]
[Black "Vazquez Maccarini, Danitza"]
[Result "1/2-1/2"]
[WhiteElo "1869"]
[BlackElo "1948"]
[PlyCount "69"]
[EventDate "2015.07.16"]
[EventRounds "9"]
[EventCountry "ESA"]

1. e4 c5 2. Nf3 e6 3. c4 a6 4. d4 cxd4 5. Nxd4 Nf6 6. Nc3 Qc7 7. a3 b6 8. Be2
Bb7 9. f3 d6 10. Be3 Be7 11. Rc1 Nbd7 12. b4 O-O 13. O-O Rac8 14. Na4 Rfe8 15.
Qd2 Qb8 16. Rc2 Bd8 17. Kh1 h5 18. Nb2 h4 19. Bd3 Ne5 20. Qf2 h3 21. gxh3 Re7
22. Kg1 Rec7 23. Be2 b5 24. Rfc1 bxc4 25. Nxc4 Nxc4 26. Bxc4 d5 27. exd5 Nxd5
28. Bxd5 Rxc2 29. Rxc2 Bxd5 30. Kg2 Rxc2 31. Qxc2 Qb7 32. Qf2 Bf6 33. Nc2 Qc6
34. Bc5 Qa4 35. Ne3  1/2-1/2

[Event "Campeonato Panamericano U20 Femenino El Salvador 2015"]
[Site "Palacio de los Deportes, Federacion Salvadoreña de Ajedrez"]
[Date "2015.07.19"]
[Round "6"]
[Board "3"]
[White "Jorquera Cabello, Valentina"]
[Black "Librelato, Kathie Goulart"]
[Result "1/2-1/2"]
[WhiteElo "2005"]
[BlackElo "1842"]
[PlyCount "102"]
[EventDate "2015.07.16"]
[EventRounds "9"]
[EventCountry "ESA"]

1. e4 e5 2. Nf3 Nc6 3. Bb5 a6 4. Ba4 Nf6 5. O-O Be7 6. Re1 b5 7. Bb3 d6 8. c3
O-O 9. h3 Bb7 10. d4 Re8 11. Nbd2 Bf8 12. Ng5 Re7 13. d5 Nb8 14. Nf1 h6 15. Nf3
c6 16. Ng3 cxd5 17. exd5 Nbd7 18. Nf5 Re8 19. Be3 Nb6 20. Bxb6 Qxb6 21. a4 Rac8
22. Ne3 Rc5 23. a5 Qa7 24. Qd2 Rec8 25. Red1 Qb8 26. Rac1 Qc7 27. Ba2 b4 28. c4
Qxa5 29. Bb1 Qb6 30. Ne1 e4 31. b3 g6 32. Ng4 Nxg4 33. hxg4 a5 34. Bxe4 Bg7 35.
Nd3 R5c7 36. Nb2 Re8 37. Na4 Qa7 38. Bf3 Bc8 39. Qf4 Bd7 40. Rd3 Bxa4 41. bxa4
Qc5 42. g3 Rce7 43. Kg2 Re1 44. Rxe1 Rxe1 45. Bd1 Qc7 46. Bb3 Qe7 47. Re3 Rxe3
48. Qxe3 Qe5 49. Qxe5 Bxe5 50. Kf3 f6 51. Bc2 Kf7  1/2-1/2

[Event "Campeonato Panamericano U20 Femenino El Salvador 2015"]
[Site "Palacio de los Deportes, Federacion Salvadoreña de Ajedrez"]
[Date "2015.07.19"]
[Round "6"]
[Board "4"]
[White "Garcia, Alcira"]
[Black "Granados Diaz, Maria Esther"]
[Result "1-0"]
[WhiteElo "1725"]
[BlackElo "1838"]
[PlyCount "33"]
[EventDate "2015.07.16"]
[EventRounds "9"]
[EventCountry "ESA"]

1. e4 Nf6 2. e5 Nd5 3. d4 d6 4. Nf3 Nc6 5. Bc4 Nb6 6. Bxf7+ Kxf7 7. Ng5+ Kg6 8.
e6 Bxe6 9. Nxe6 Qd7 10. d5 Na5 11. Qf3 h6 12. g4 Kh7 13. g5 Rg8 14. gxh6 gxh6
15. Qd3+ Rg6 16. Rg1 Qe8 17. Nxf8+  1-0

[Event "Campeonato Panamericano U20 Femenino El Salvador 2015"]
[Site "Palacio de los Deportes, Federacion Salvadoreña de Ajedrez"]
[Date "2015.07.19"]
[Round "6"]
[Board "5"]
[White "Cruz Lima, Kimberly Esmeralda"]
[Black "Guardado Flores, Diana Beatriz"]
[Result "1-0"]
[WhiteElo "1718"]
[BlackElo "1683"]
[PlyCount "81"]
[EventDate "2015.07.16"]
[EventRounds "9"]
[EventCountry "ESA"]

1. e4 c5 2. Nf3 d6 3. Nc3 Nf6 4. h3 Nc6 5. a3 e6 6. d4 cxd4 7. Nxd4 e5 8. Nf3
h6 9. Be3 Be6 10. Qd2 d5 11. exd5 Nxd5 12. Nxd5 Qxd5 13. Qxd5 Bxd5 14. Be2 f6
15. O-O Be7 16. Nh4 Bf7 17. Bb5 Kd7 18. Nf5 Bf8 19. c3 a6 20. Rad1+ Kc7 21.
Bxc6 Kxc6 22. Rd2 g6 23. Ng3 f5 24. f4 e4 25. Rfd1 Be6 26. Ne2 Kc7 27. Kf2 Be7
28. Nd4 Bc8 29. g3 g5 30. Ne2 Rd8 31. Bb6+ Kxb6 32. Rxd8 Bxd8 33. Rxd8 gxf4 34.
gxf4 Rb8 35. Rh8 Kc7 36. Rxh6 Bd7 37. Rg6 Rh8 38. Kg3 Bb5 39. Nd4 Bf1 40. h4
Rd8 41. Ne6+  1-0

[Event "Campeonato Panamericano U20 Femenino El Salvador 2015"]
[Site "Palacio de los Deportes, Federacion Salvadoreña de Ajedrez"]
[Date "2015.07.19"]
[Round "6"]
[Board "6"]
[White "Villalobos, Alejandra"]
[Black "Cosme Contreras, Trilce"]
[Result "0-1"]
[WhiteElo "1622"]
[BlackElo "1755"]
[PlyCount "122"]
[EventDate "2015.07.16"]
[EventRounds "9"]
[EventCountry "ESA"]

1. e4 c5 2. Nf3 d6 3. d4 cxd4 4. Nxd4 Nf6 5. Nc3 a6 6. Bg5 e6 7. f4 Be7 8. Qf3
Qc7 9. O-O-O Nbd7 10. g4 b5 11. Bxf6 Nxf6 12. h4 b4 13. Nb1 Bb7 14. Bd3 Qb6 15.
g5 Nd7 16. Bc4 Nc5 17. Nd2 Nxe4 18. Nxe4 d5 19. Bd3 dxe4 20. Bxe4 Bxe4 21. Qxe4
O-O 22. f5 e5 23. Nf3 f6 24. Rd7 Ra7 25. Rhd1 Rxd7 26. Rxd7 Qc5 27. Rd5 Qc7 28.
Qd3 Rc8 29. Qb3 Qc4 30. gxf6 gxf6 31. Rd7 Qxb3 32. axb3 Bc5 33. Kd2 Bb6 34. Rd6
Rd8 35. Rxd8+ Bxd8 36. Kd3 Kg7 37. Ke4 Kh6 38. c3 a5 39. c4 Kh5 40. c5 Bc7 41.
Ke3 h6 42. Kd3 Kg4 43. Ke4 Bb8 44. c6 Bc7 45. h5 Kxh5 46. Kd5 Kg4 47. Nxe5+
Bxe5 48. Ke6 Kg5 49. Kd7 h5 50. c7 Bxc7 51. Kxc7 h4 52. Kb6 h3 53. Kxa5 h2 54.
Kxb4 h1=Q 55. Kc3 Kxf5 56. b4 Ke5 57. Kc4 Qc6+ 58. Kb3 Kd4 59. Ka3 Kc4 60. b3+
Kc3 61. b5 Qa8#  0-1

[Event "Campeonato Panamericano U20 Femenino El Salvador 2015"]
[Site "Palacio de los Deportes, Federacion Salvadoreña de Ajedrez"]
[Date "2015.07.19"]
[Round "6"]
[Board "7"]
[White "Ramirez Gonzalez, Maria Jose"]
[Black "Palacios, Celina"]
[Result "1-0"]
[WhiteElo "1736"]
[BlackElo "1617"]
[PlyCount "99"]
[EventDate "2015.07.16"]
[EventRounds "9"]
[EventCountry "ESA"]

1. d4 Nf6 2. Nf3 g6 3. Bf4 Bg7 4. h3 d6 5. e3 O-O 6. Be2 c5 7. Nbd2 Nbd7 8. O-O
b6 9. c3 Bb7 10. a4 a5 11. Qb1 Rc8 12. Bh2 e5 13. dxe5 dxe5 14. Bxe5 Nxe5 15.
Nxe5 Qe7 16. Nef3 Nd5 17. Re1 Rcd8 18. Qc2 Rfe8 19. Nc4 Qc7 20. Rad1 f5 21. Qb3
Kh8 22. Bd3 Bf6 23. e4 fxe4 24. Bxe4 Qf4 25. Bb1 Qc7 26. Be4 Qf4 27. g3 Qc7 28.
Bxd5 Rxe1+ 29. Nxe1 Bxd5 30. Qxb6 Qc8 31. Qxf6+ Kg8 32. Nb6 Rf8 33. Nxc8 Rxf6
34. Rxd5 Kf8 35. Rxc5 Kg7 36. Rxa5 Re6 37. Nd3 Re8 38. Nd6 Rf8 39. Rd5 Ra8 40.
a5 Ra6 41. Nc5 Rc6 42. b4 Kh6 43. b5 Rc7 44. b6 Re7 45. b7 Rxb7 46. Ndxb7 Kg7
47. a6 Kh6 48. a7 Kg7 49. a8=Q Kh6 50. Qf8#  1-0

[Event "Campeonato Panamericano U20 Femenino El Salvador 2015"]
[Site "Palacio de los Deportes, Federacion Salvadoreña de Ajedrez"]
[Date "2015.07.19"]
[Round "6"]
[Board "8"]
[White "Natareno, Elvia"]
[Black "Herrera, Marjorie"]
[Result "0-1"]
[WhiteElo "1675"]
[BlackElo "1555"]
[PlyCount "128"]
[EventDate "2015.07.16"]
[EventRounds "9"]
[EventCountry "ESA"]

1. d4 Nf6 2. c4 g6 3. Nc3 Bg7 4. Nf3 O-O 5. Bf4 d6 6. e4 Nbd7 7. h3 Re8 8. e5
Nh5 9. Bh2 Bh8 10. Be2 Ng7 11. O-O e6 12. exd6 cxd6 13. Bxd6 Nf5 14. Bh2 a6 15.
Ne5 Qb6 16. Na4 Qxd4 17. Nxd7 Bxd7 18. Nc3 Bc6 19. Qc2 Qh4 20. Bg4 Nd4 21. Qc1
b5 22. cxb5 axb5 23. Bg3 Qe7 24. Rb1 Qb7 25. f3 b4 26. Qe3 bxc3 27. bxc3 Qa7
28. Bf2 Qxa2 29. cxd4 f5 30. Rb6 Bd5 31. Bh5 gxh5 32. Qg5+ Bg7 33. Bg3 Qa7 34.
Rfb1 Qe7 35. Qd2 Ra2 36. Qe3 Qf7 37. Rb8 Ra8 38. R8b4 Qg6 39. Kh2 Bh6 40. Qe5
Qg5 41. Rb8 Bg7 42. Qc7 Qg6 43. Qc5 Raxb8 44. Rxb8 Rxb8 45. Bxb8 Qe8 46. Bf4
Qc6 47. Kg3 Qxc5 48. dxc5 Bf8 49. Be3 Kf7 50. Kh4 Kg6 51. Kg3 e5 52. Bg1 f4+
53. Kh2 e4 54. fxe4 Bxe4 55. Bf2 Kf5 56. Bd4 Ke6 57. g4 hxg4 58. hxg4 Kd5 59.
Bf2 Bxc5 60. Be1 Kc4 61. Kh3 Kd3 62. g5 Ke2 63. Bh4 f3 64. g6 hxg6  0-1

[Event "Campeonato Panamericano U20 Femenino El Salvador 2015"]
[Site "Palacio de los Deportes, Federacion Salvadoreña de Ajedrez"]
[Date "2015.07.19"]
[Round "6"]
[Board "9"]
[White "Ortez, Andrea"]
[Black "De Leon, Stephanie"]
[Result "0-1"]
[WhiteElo "1671"]
[BlackElo "1654"]
[PlyCount "112"]
[EventDate "2015.07.16"]
[EventRounds "9"]
[EventCountry "ESA"]

1. e4 e5 2. Nf3 Nc6 3. Bc4 Nf6 4. d3 Bc5 5. c3 d6 6. Bb3 Be6 7. Bc2 a6 8. h3 d5
9. exd5 Bxd5 10. O-O O-O 11. Re1 Qd6 12. Nbd2 Rad8 13. Nf1 Rfe8 14. Be3 Nd7 15.
Ng3 Qf6 16. Bg5 Bxf3 17. Bxf6 Bxd1 18. Raxd1 Nxf6 19. Re2 Nd5 20. Ne4 Bb6 21.
Red2 Rd7 22. Bb3 Na5 23. Ba4 Nc6 24. Bb3 Red8 25. g3 h6 26. Re2 Nde7 27. Red2
Kf8 28. g4 Ng6 29. Bc2 Nf4 30. h4 h5 31. g5 Ng6 32. Ng3 Nxh4 33. Re2 Nf3+ 34.
Kg2 Nxg5 35. Nxh5 e4 36. Nf4 exd3 37. Nxd3 Ne6 38. Ree1 Nc5 39. Nxc5 Bxc5 40.
Rxd7 Rxd7 41. Re2 Ne7 42. Bb3 Nd5 43. Kg3 Nf6 44. Ba4 b5 45. Bc2 Re7 46. Rd2
Ne4+ 47. Bxe4 Rxe4 48. Rd8+ Ke7 49. Rd2 Bd6+ 50. Kg2 Bf4 51. Rc2 Re1 52. a3 Rd1
53. Re2+ Kd7 54. Re4 g5 55. c4 Rb1 56. cxb5 axb5  0-1

[Event "Campeonato Panamericano U20 Femenino El Salvador 2015"]
[Site "Palacio de los Deportes, Federacion Salvadoreña de Ajedrez"]
[Date "2015.07.19"]
[Round "6"]
[Board "10"]
[White "Santos, Judith"]
[Black "Castro, Venus Sabrina"]
[Result "1/2-1/2"]
[WhiteElo "1550"]
[BlackElo "1556"]
[PlyCount "104"]
[EventDate "2015.07.16"]
[EventRounds "9"]
[EventCountry "ESA"]

1. e4 c5 2. Nc3 d6 3. d3 e6 4. g3 g6 5. Bg2 Bg7 6. f4 Ne7 7. Nf3 Nbc6 8. O-O
O-O 9. h3 Rb8 10. a4 a6 11. g4 f5 12. g5 b5 13. axb5 axb5 14. Ne2 Qb6 15. Kh2
b4 16. h4 Ba6 17. Bh3 e5 18. exf5 Nxf5 19. fxe5 Nxe5 20. Bxf5 Rxf5 21. Ng3 Rff8
22. Rb1 Bb7 23. Nd2 Rxf1 24. Ndxf1 Nf3+ 25. Kh3 Qc6 26. Ne4 Qd7+ 27. Kg3 Ne5
28. Bf4 Rf8 29. Ne3 Bxe4 30. dxe4 Qf7 31. Qd5 Qxd5 32. Nxd5 Nc4 33. b3 Ne5 34.
Rd1 c4 35. Nxb4 cxb3 36. cxb3 Rb8 37. Bd2 Nd7 38. Be1 Be5+ 39. Kg2 Nc5 40. Nc6
Rxb3 41. Nxe5 dxe5 42. Rd5 Nxe4 43. Rxe5 Nd6 44. Re2 Rb6 45. Bf2 Rb5 46. Re6
Rd5 47. Rf6 Nf5 48. Kf3 Rd6 49. Rxd6 Nxd6 50. Kg4 Kf7 51. Kf4 Ke6 52. Be1 Nf5
 1/2-1/2

[Event "Campeonato Panamericano U20 Femenino El Salvador 2015"]
[Site "Palacio de los Deportes, Federacion Salvadoreña de Ajedrez"]
[Date "2015.07.20"]
[Round "7"]
[Board "1"]
[White "Vazquez Maccarini, Danitza"]
[Black "Eswaran, Ashritha"]
[Result "1/2-1/2"]
[WhiteElo "1948"]
[BlackElo "2095"]
[PlyCount "129"]
[EventDate "2015.07.16"]
[EventRounds "9"]
[EventCountry "ESA"]

1. e4 c5 2. Nf3 d6 3. Bc4 Nf6 4. d3 e6 5. Bb3 Nc6 6. c3 Be7 7. O-O O-O 8. Re1
e5 9. h3 Be6 10. Bxe6 fxe6 11. Qb3 Qd7 12. Ng5 Nd8 13. Nd2 Nh5 14. Nf1 Bxg5 15.
Bxg5 Qf7 16. Qc2 Nc6 17. Nh2 Qg6 18. Be3 Nf4 19. Bxf4 Rxf4 20. Re3 Raf8 21. Rg3
Qf7 22. Ng4 Kh8 23. Rf1 Ne7 24. Nh2 Ng6 25. Re3 Qd7 26. g3 R4f7 27. Kg2 b5 28.
a3 a5 29. Nf3 h6 30. Qd1 Qe7 31. Nh2 Qg5 32. Qg4 Rxf2+ 33. Rxf2 Qxe3 34. Rxf8+
Nxf8 35. Qd1 c4 36. dxc4 Qxe4+ 37. Kg1 Qe3+ 38. Kg2 bxc4 39. Qxd6 Qe2+ 40. Kg1
Qe3+ 41. Kg2 Kg8 42. Ng4 Qe2+ 43. Kg1 e4 44. Qc5 Qf3 45. Qf2 Nd7 46. Qxf3 exf3
47. Kf2 h5 48. Nh2 Nc5 49. Nxf3 Nd3+ 50. Ke2 Nxb2 51. Nd4 Na4 52. Nxe6 Nxc3+
53. Ke3 Nb5 54. a4 Nd6 55. Kd4 Kf7 56. Nd8+ Ke8 57. Nc6 Nf5+ 58. Kxc4 Nxg3 59.
Nxa5 Kd7 60. Kd5 g5 61. Ke5 h4 62. Nc4 g4 63. Kf4 gxh3 64. Ne5+ Ke6 65. Nf3
 1/2-1/2

[Event "Campeonato Panamericano U20 Femenino El Salvador 2015"]
[Site "Palacio de los Deportes, Federacion Salvadoreña de Ajedrez"]
[Date "2015.07.20"]
[Round "7"]
[Board "2"]
[White "Gutierrez Espinosa, Karen"]
[Black "Parkhurst Casas, Miriam"]
[Result "1/2-1/2"]
[WhiteElo "2078"]
[BlackElo "1869"]
[PlyCount "65"]
[EventDate "2015.07.16"]
[EventRounds "9"]
[EventCountry "ESA"]

1. e4 e5 2. Nf3 Nc6 3. Bb5 Nge7 4. O-O g6 5. d4 exd4 6. Nxd4 Bg7 7. Be3 O-O 8.
Nc3 d6 9. Qd2 a6 10. Bc4 Nxd4 11. Bxd4 Bxd4 12. Qxd4 c5 13. Qf6 b5 14. Bxb5
axb5 15. Nxb5 Ba6 16. c4 Bxb5 17. cxb5 Nc6 18. Qxd8 Nxd8 19. Rfd1 Nb7 20. a4 f5
21. e5 dxe5 22. f3 Na5 23. Rd7 Rfd8 24. Re7 Rd2 25. Rxe5 Rxb2 26. Rd1 Nc4 27.
Re7 Rd2 28. Rxd2 Nxd2 29. a5 Nc4 30. b6 Nxa5 31. Ra7 Rb8 32. Rxa5 Rxb6 33. Rxc5
 1/2-1/2

[Event "Campeonato Panamericano U20 Femenino El Salvador 2015"]
[Site "Palacio de los Deportes, Federacion Salvadoreña de Ajedrez"]
[Date "2015.07.20"]
[Round "7"]
[Board "3"]
[White "Librelato, Kathie Goulart"]
[Black "Garcia, Alcira"]
[Result "1-0"]
[WhiteElo "1842"]
[BlackElo "1725"]
[PlyCount "79"]
[EventDate "2015.07.16"]
[EventRounds "9"]
[EventCountry "ESA"]

1. e4 e5 2. Nf3 Nc6 3. Bb5 Bc5 4. O-O Nd4 5. Nxd4 Bxd4 6. c3 Bb6 7. d4 c6 8.
Ba4 Qe7 9. Re1 Nf6 10. Bc2 d6 11. a4 a5 12. Bg5 O-O 13. Na3 h6 14. Bh4 g5 15.
Bg3 h5 16. h4 Ng4 17. Nc4 Bc7 18. hxg5 Qxg5 19. Nd2 Kh8 20. Nf3 Qg7 21. Nh4 Rg8
22. dxe5 dxe5 23. Qf3 Nh6 24. Nf5 Bxf5 25. exf5 e4 26. Qxh5 Bxg3 27. fxg3 Qg5
28. Qxg5 Rxg5 29. Rxe4 Nxf5 30. Re5 Rxg3 31. Rxf5 Rag8 32. Be4 R8g4 33. Bf3 Rg6
34. Rxf7 Kg8 35. Rf5 b6 36. Rd1 b5 37. axb5 cxb5 38. Kf2 R3g5 39. Rxg5 Rxg5 40.
Rd5  1-0

[Event "Campeonato Panamericano U20 Femenino El Salvador 2015"]
[Site "Palacio de los Deportes, Federacion Salvadoreña de Ajedrez"]
[Date "2015.07.20"]
[Round "7"]
[Board "4"]
[White "Ramirez Gonzalez, Maria Jose"]
[Black "Cruz Lima, Kimberly Esmeralda"]
[Result "1-0"]
[WhiteElo "1736"]
[BlackElo "1718"]
[PlyCount "65"]
[EventDate "2015.07.16"]
[EventRounds "9"]
[EventCountry "ESA"]

1. d4 d5 2. Bf4 Nc6 3. Nf3 Nf6 4. e3 a6 5. c4 e6 6. Nc3 h6 7. h3 dxc4 8. Bxc4
Bd6 9. Bxd6 cxd6 10. d5 Na5 11. Be2 b6 12. b4 Nb7 13. dxe6 fxe6 14. O-O O-O 15.
Rc1 d5 16. Ne5 Qd6 17. Qd4 Nd8 18. b5 a5 19. Na4 Rb8 20. Nc6 Nxc6 21. Rxc6 Qd8
22. Nxb6 e5 23. Qc5 Bb7 24. Rc7 Re8 25. Rc1 Ne4 26. Qc2 Qf6 27. f3 Qxb6 28.
fxe4 Qxe3+ 29. Kh1 Rf8 30. exd5 Rf2 31. Qg6 Qg5 32. Rxg7+ Kf8 33. Rg8+  1-0

[Event "Campeonato Panamericano U20 Femenino El Salvador 2015"]
[Site "Palacio de los Deportes, Federacion Salvadoreña de Ajedrez"]
[Date "2015.07.20"]
[Round "7"]
[Board "5"]
[White "Cosme Contreras, Trilce"]
[Black "Jorquera Cabello, Valentina"]
[Result "1-0"]
[WhiteElo "1755"]
[BlackElo "2005"]
[PlyCount "75"]
[EventDate "2015.07.16"]
[EventRounds "9"]
[EventCountry "ESA"]

1. c4 e5 2. Nc3 Nf6 3. Nf3 Nc6 4. g3 Bc5 5. Bg2 a5 6. d3 d6 7. O-O O-O 8. h3 h6
9. e4 Nh7 10. Be3 Ba7 11. d4 exd4 12. Nxd4 Nxd4 13. Bxd4 Be6 14. Bxa7 Rxa7 15.
Qd4 Ra8 16. Rad1 Qg5 17. Kh2 Qc5 18. b3 Rad8 19. Qxc5 dxc5 20. f4 Bc8 21. Nd5
c6 22. Nb6 Rfe8 23. Na4 Nf6 24. Nxc5 b6 25. Na4 Rxd1 26. Rxd1 Nd7 27. e5 b5 28.
Bxc6 bxa4 29. Bxd7 Bxd7 30. Rxd7 axb3 31. axb3 Rb8 32. c5 Rxb3 33. c6 Rc3 34.
c7 Rc2+ 35. Kh1 Kh7 36. Rxf7 Kg6 37. e6 a4 38. f5+  1-0

[Event "Campeonato Panamericano U20 Femenino El Salvador 2015"]
[Site "Palacio de los Deportes, Federacion Salvadoreña de Ajedrez"]
[Date "2015.07.20"]
[Round "7"]
[Board "6"]
[White "De Leon, Stephanie"]
[Black "Herrera, Marjorie"]
[Result "0-1"]
[WhiteElo "1654"]
[BlackElo "1555"]
[PlyCount "38"]
[EventDate "2015.07.16"]
[EventRounds "9"]
[EventCountry "ESA"]

1. e4 e5 2. Bc4 Nc6 3. Nf3 Bc5 4. c3 Nf6 5. Qe2 O-O 6. b4 Bb6 7. a4 a6 8. d3 d5
9. Bb3 d4 10. Ba3 dxc3 11. b5 axb5 12. Bxf8 Qxf8 13. O-O Qb4 14. Qc2 bxa4 15.
Qxc3 Qd6 16. Rxa4 Rxa4 17. Bxa4 Nd4 18. Nbd2 Ne2+ 19. Kh1 Nxc3  0-1

[Event "Campeonato Panamericano U20 Femenino El Salvador 2015"]
[Site "Palacio de los Deportes, Federacion Salvadoreña de Ajedrez"]
[Date "2015.07.20"]
[Round "7"]
[Board "7"]
[White "Granados Diaz, Maria Esther"]
[Black "Villalobos, Alejandra"]
[Result "1-0"]
[WhiteElo "1838"]
[BlackElo "1622"]
[PlyCount "83"]
[EventDate "2015.07.16"]
[EventRounds "9"]
[EventCountry "ESA"]

1. e4 d5 2. exd5 Qxd5 3. Nc3 Qa5 4. d4 Nf6 5. h3 Bf5 6. Nf3 c6 7. Be2 e6 8. O-O
Qc7 9. Ne5 Bd6 10. f4 h5 11. Bf3 Nbd7 12. Ne2 Ne4 13. c4 f6 14. Nd3 O-O-O 15.
b4 g5 16. c5 Bxf4 17. Nexf4 gxf4 18. Bxf4 e5 19. Bh2 Rdg8 20. Re1 Ng3 21. b5
Bxh3 22. bxc6 bxc6 23. gxh3 e4 24. Bxe4 Nf1+ 25. Kxf1 Qxh2 26. Nf2 f5 27. Qa4
fxe4 28. Qxc6+ Kd8 29. Qa8+ Nb8 30. Qd5+ Kc8 31. Qxe4 Nd7 32. Rab1 Rg1+ 33. Ke2
Rg2 34. Qc6+ Kd8 35. Qa8+ Ke7 36. Kd1+ Kf7 37. Qxh8 Rxf2 38. Qxh5+ Kf6 39. Qh6+
Kf7 40. Rb7 Rxa2 41. Rxd7+ Kg8 42. Qg7#  1-0

[Event "Campeonato Panamericano U20 Femenino El Salvador 2015"]
[Site "Palacio de los Deportes, Federacion Salvadoreña de Ajedrez"]
[Date "2015.07.20"]
[Round "7"]
[Board "8"]
[White "Guardado Flores, Diana Beatriz"]
[Black "Castro, Venus Sabrina"]
[Result "1-0"]
[WhiteElo "1683"]
[BlackElo "1556"]
[PlyCount "127"]
[EventDate "2015.07.16"]
[EventRounds "9"]
[EventCountry "ESA"]

1. e4 c5 2. Nf3 d6 3. c3 Nf6 4. Bd3 e6 5. Bc2 Be7 6. d3 O-O 7. O-O Nc6 8. Re1
d5 9. exd5 exd5 10. d4 c4 11. a4 Bg4 12. Nbd2 a6 13. h3 Bh5 14. Nf1 Bd6 15. Bg5
Rb8 16. Ne3 Be7 17. Nf5 Bd6 18. g4 Bg6 19. Qd2 Bxf5 20. Bxf5 Ne7 21. Bxf6 gxf6
22. Bc2 Ng6 23. h4 Bf4 24. Qd1 f5 25. h5 Nh4 26. Ne5 Kh8 27. Bxf5 Nxf5 28. gxf5
Qg5+ 29. Kf1 Qxf5 30. Qf3 Rg8 31. Qxd5 Qh3+ 32. Ke2 Qxh5+ 33. Qf3 Qxf3+ 34.
Kxf3 Bxe5 35. Rxe5 b5 36. axb5 axb5 37. Ra5 b4 38. Rab5 bxc3 39. bxc3 Rxb5 40.
Rxb5 Rc8 41. Rc5 Re8 42. Rxc4 Kg7 43. Rc5 Kf6 44. Kf4 Kg6 45. Rg5+ Kf6 46. Kg4
Rc8 47. Rc5 Rd8 48. Rc6+ Kg7 49. f4 Rd5 50. Rc5 Rd8 51. d5 Kf6 52. Rc6+ Ke7 53.
c4 Rh8 54. Kh5 Rg8 55. c5 Rd8 56. d6+ Kd7 57. Rc7+ Ke6 58. Re7+ Kf6 59. Re5 Kg7
60. Rd5 Kf6 61. f5 Rg8 62. c6 Rg5+ 63. Kh4 h5 64. c7  1-0

[Event "Campeonato Panamericano U20 Femenino El Salvador 2015"]
[Site "Palacio de los Deportes, Federacion Salvadoreña de Ajedrez"]
[Date "2015.07.20"]
[Round "7"]
[Board "9"]
[White "Palacios, Celina"]
[Black "Santos, Judith"]
[Result "1/2-1/2"]
[WhiteElo "1617"]
[BlackElo "1550"]
[PlyCount "83"]
[EventDate "2015.07.16"]
[EventRounds "9"]
[EventCountry "ESA"]

1. e4 c5 2. b3 d6 3. f4 Nf6 4. Nc3 Nc6 5. Bb5 Bd7 6. Bxc6 Bxc6 7. Qe2 e5 8. Nf3
Qc7 9. Bb2 Be7 10. fxe5 dxe5 11. Nd5 Bxd5 12. exd5 Bd6 13. O-O O-O 14. Ng5 h6
15. Rxf6 gxf6 16. Ne4 f5 17. Nf6+ Kg7 18. Nh5+ Kh7 19. Rf1 Kg6 20. Ng3 Rg8 21.
Rxf5 Kh7 22. Qf3 Raf8 23. Nh5 Rg6 24. Nf6+ Kg7 25. Nh5+ Kh7 26. Nf6+ Kg7 27.
Nh5+ Kh7 28. Rf6 Qe7 29. Qf5 Qc7 30. c4 a6 31. d3 b5 32. Bc3 b4 33. Bb2 a5 34.
a4 Qe7 35. Rxd6 Qxd6 36. Bxe5 Qd8 37. Nf6+ Kg7 38. Nd7+ Kg8 39. Nf6+ Kg7 40.
Nd7+ Kg8 41. Nf6+ Kg7 42. Ng4+  1/2-1/2